| 000 | 00401nam a2200157Ia 4500 | ||
|---|---|---|---|
| 008 | 230917s9999||||xx |||||||||||||| ||und|| | ||
| 040 |
_e124487 _aMAIN |
||
| 041 | _aEnglish | ||
| 082 | _a370.152 3 K673L | ||
| 100 | _aKlein, Stephen B | ||
| 245 | 0 | _aLearning: principles and applications | |
| 250 | _a5th ed. | ||
| 260 |
_aNew Delhi _bSage Publications _c2009 |
||
| 300 | _a519p. p. | ||
| 942 | _cBK | ||
| 999 |
_c147814 _d147814 |
||